Govt. of
Madhya Pradesh

Hunger Epidemic In America (Record no. 44637)

MARC details
000 -LEADER
fixed length control field 003490000a22001450004500
003 - CONTROL NUMBER IDENTIFIER
control field MACL
040 ## - CATALOGING SOURCE
Original cataloging agency MACL
090 ## - LOCALLY ASSIGNED LC-TYPE CALL NUMBER (OCLC); LOCAL CALL NUMBER (RLIN)
-- 45099
-- 45097
100 ## - MAIN ENTRY--PERSONAL NAME
Personal name Singh, Naunihal
245 ## - TITLE STATEMENT
Title Hunger Epidemic In America
260 ## - PUBLICATION, DISTRIBUTION, ETC. (IMPRINT)
Place of publication, distribution, etc. Delhi
Name of publisher, distributor, etc. Zenith Books International
Date of publication, distribution, etc. 2008
690 ## - LOCAL SUBJECT ADDED ENTRY--TOPICAL TERM (OCLC, RLIN)
Topical term or geographic name as entry element Social Problem
942 ## - ADDED ENTRY ELEMENTS (KOHA)
Koha item type Library Membar
Call number prefix 291.178326
951 ## - EQUIVALENCE OR CROSS-REFERENCE--GEOGRAPHIC NAME/AREA NAME [OBSOLETE] [CAN/MARC only]
-- 291.178326 BOOK

No items available.